000 00550nam a2200181 u 4500
001 000020315
005 20200929170348.0
008 100813s1992 xx ac 000 0 eng d
020 _a0812920791
040 _aDO-SdBNP
_bspa
_cBNPHU
041 1 7 _aeng
082 _axxx
_bxxxx
100 1 _aCarter, Jimmy
_942958
245 1 0 _aTurning point :
_ba candidate, a state, and a nation come of age /
_cJimmy Carter
_cJimmy Carter.
260 _aEstados Unidos :
_bTimes Book,
_c1992.
300 _a223 p. :
_bil., retrs. ;
_c24 cm.
500 _aIncluye índice
999 _c19819
_d19819